| 000 | 00527nam a22001817a 4500 | ||
|---|---|---|---|
| 005 | 20251108172413.0 | ||
| 008 | 250721s1998 xx 000 0 ara d | ||
| 082 | 1 | 4 | _a792.943/كرو |
| 100 | 1 |
_aكرومي، عوني _eمؤلف |
|
| 245 | 1 | 0 | _aروبرتو تشوللي و فرقة مسرح الرور / |
| 264 | 1 |
_aدمشق : _bوزارة الثقافة، _c1998. |
|
| 300 | _a429ص | ||
| 650 | 1 | 7 | _aالمسرح |
| 650 | 1 | 7 | _aألمانيا |
| 650 | 1 | 7 | _aالنقد المسرحي |
| 942 |
_2ddc _cBK |
||
| 999 |
_c78450 _d78450 |
||